Statistics for Guess The Lyrics #14

Click here to take the quiz!

General Stats

  • This quiz has been taken 814 times
    (810 since last reset)
  • The average score is 263 of 368

Answer Stats

Answer% Correct
I
99%
a
98%
the
97%
you
96%
me
91%
me,
91%
me.
91%
and
88%
to
87%
do
86%
Is
86%
no,
86%
No
86%
no.
86%
no
86%
No,
86%
go
84%
go,
84%
go?
84%
go.
84%
go!)
84%
go)
84%
in
84%
it
84%
your
84%
we
83%
We
83%
love
82%
on
82%
on,
82%
this
82%
my
81%
I'm
79%
just
79%
Just
79%
not
78%
man
77%
can
76%
life?
76%
life
76%
real
76%
So
76%
all
75%
from
75%
will
75%
boy,
74%
boy
74%
of
74%
see,
74%
see
74%
(let
73%
let
73%
come
72%
come,
72%
fantasy?
72%
his
72%
if
72%
If
72%
up
72%
now
71%
don't
70%
for
70%
poor
70%
he's
69%
mama
69%
Mama,
69%
(mama
69%
oooh
69%
time
69%
had
68%
has
68%
little
68%
Little
68%
Oh,
68%
(oh
68%
oh
68%
oh.
68%
ooooh
68%
reality
68%
But
67%
head
67%
I've
67%
killed
67%
put
67%
Put
67%
really
67%
again
66%
as
66%
at
66%
dead
66%
escape
66%
eye?
66%
gun
66%
Look
66%
wanna
66%
Easy
65%
easy
65%
got
65%
Gotta
65%
gotta
65%
matter
65%
away
64%
Caught
64%
him
64%
leave
64%
trigger,
64%
begun,
63%
make
63%
need
63%
never
63%
Never
63%
Never,
63%
Pulled
63%
Too
63%
against
62%
die
62%
die?
62%
eyes,
62%
gone
62%
high,
62%
landslide,
61%
low
61%
nothing
61%
Nothing
61%
Open
61%
Because
60%
cry
60%
Didn't
60%
doesn't
60%
family
60%
wind
60%
back
59%
blows.
59%
blows
59%
blows)
59%
here
59%
skies
59%
been
58%
Carry
58%
carry
58%
get,
58%
get
58%
mean
58%
outta
58%
sympathy
58%
tomorrow
58%
can't
57%
matters
57%
matters,
57%
think
57%
down
56%
I'd
56%
loves
56%
thrown
56%
Very,
56%
very
56%
Fandango?
55%
nobody
55%
(Galileo)
54%
Galileo
54%
Anyway
53%
(anyway
53%
wish
53%
baby,
52%
baby
52%
born
52%
frightening
52%
late,
52%
lightning
52%
behind
51%
mia
51%
right
50%
sometimes
49%
Thunderbolt
49%
face
48%
spine,
48%
truth
48%
aching
47%
devil
47%
shivers
47%
everybody,
46%
Figaro
46%
Sent
46%
Body's
45%
monstrosity
45%
Goodbye
44%
Spare
44%
spit
43%
Anyone
41%
aside
41%
silhouetto
41%
Magnifico
38%
Beelzebub
36%
Scaramouche,
35%
scaramouche,
35%
Bismillah!
34%
yeah,
28%
yeah)
28%
stone
17%

Score Distribution

Percentile by Number Answered

Percent of People with Each Score

Your Score History

You have not taken this quiz since the last reset